Central Library OPAC University of Rajshahi

The revolution in anthropology / (Record no. 49804)

MARC details
000 -LEADER
fixed length control field 00827nam a2200241 a 4500
001 - CONTROL NUMBER
control field 49804
003 - CONTROL NUMBER IDENTIFIER
rucl marc code BD-RjUL
005 - DATE AND TIME OF LATEST TRANSACTION
control field 20211209054730.0
008 - FIXED-LENGTH DATA ELEMENTS--GENERAL INFORMATION
fixed length control field 880808t19671964enk b 001 0 eng d
035 ## - SYSTEM CONTROL NUMBER
System control number (BD-RjUL)49924
040 ## - CATALOGING SOURCE
Original cataloging agency BD-RjUL
Transcribing agency TOL
Language of cataloging eng
Modifying agency BD-RjUL
041 ## - LANGUAGE CODE
Language code of text/sound track or separate title eng
082 ## - DEWEY DECIMAL CLASSIFICATION NUMBER
Edition number 23
Classification number 301.2018
Author mark and year JAR 1967
100 10 - MAIN ENTRY--PERSONAL NAME
Personal name Jarvie, I. C.
Fuller form of name (Ian Charles),
9 (RLIN) 149284
245 14 - TITLE STATEMENT
Title The revolution in anthropology /
Statement of responsibility, etc. by I. C. Jarvie ; with a foreward by Ernest Gellner
260 ## - PUBLICATION, DISTRIBUTION, ETC. (IMPRINT)
Place of publication, distribution, etc. London :
Name of publisher, distributor, etc. Routledge & Kegan Paul,
Date of publication, distribution, etc. c1967
300 ## - PHYSICAL DESCRIPTION
Pagination xxii, 256 p. ;
Size 23 cm
504 ## - BIBLIOGRAPHY, ETC. NOTE
Bibliography, etc Includes bibliography and index
650 #0 - SUBJECT ADDED ENTRY--TOPICAL TERM
Topical term or geographic name as entry element Anthropology
General subdivision Methodology
9 (RLIN) 149285
Topical term or geographic name as entry element Cargo cults
9 (RLIN) 149286
830 #0 - SERIES ADDED ENTRY--UNIFORM TITLE
Uniform title International library of sociology and social reconstruction (Routledge & Kegan Paul)
942 ## - ADDED ENTRY ELEMENTS (KOHA)
Source of classification or shelving scheme Dewey Decimal Classification
Koha item type Books
Holdings
Lost status Source of classification or shelving scheme Damaged status Not for loan Collection code Permanent Location Current Location Shelving location Date acquired Source of acquisition Cost, normal purchase price Total Checkouts Full call number Date last seen Copy number Koha item type
  Dewey Decimal Classification     Non-fiction Central Library, University of Rajshahi Central Library, University of Rajshahi   22/08/2016 Sweets and zeitlinger 40.00   301.2018 JAR 1967 22/08/2016 C-2 Books
  Dewey Decimal Classification     Non-fiction Central Library, University of Rajshahi Central Library, University of Rajshahi   22/08/2016 Sweets and zeitlinger 40.00   301.2018 JAR 1967 22/08/2016 C-3 Books
  Dewey Decimal Classification     Non-fiction Central Library, University of Rajshahi Central Library, University of Rajshahi   22/08/2016 Sweets and zeitlinger 40.00   301.2018 JAR 1967 22/08/2016 C-4 Books
  Dewey Decimal Classification     Non-fiction Central Library, University of Rajshahi Central Library, University of Rajshahi   22/08/2016 Sweets and zeitlinger 40.00   301.2018 JAR 1967 22/08/2016 C-5 Books
  Dewey Decimal Classification     Non-fiction Central Library, University of Rajshahi Central Library, University of Rajshahi   22/08/2016 Sweets and zeitlinger 40.00   301.2018 JAR 1967 22/08/2016 C-6 Books